[Event "Collado Villalba op-B 26th"]
[Site "Collado Villalba"]
[Date "2009.08.26"]
[Round "6"]
[White "Rubio Campos, Juan"]
[Black "Aguado Garcia, Pablo"]
[Result "1-0"]
[WhiteElo "1676"]
[BlackElo "1884"]
[PlyCount "67"]
[EventDate "2009.08.21"]
[EventType "swiss"]
[EventRounds "9"]
[EventCountry "ESP"]
[SourceTitle "EXT 2011"]
[Source "ChessBase"]
[SourceDate "2010.11.26"]
[SourceVersion "1"]
[SourceVersionDate "2010.11.26"]
[SourceQuality "1"]

1. e4 e5 2. Nf3 Nc6 3. Bc4 Nf6 4. Ng5 Bc5 5. Bxf7+ Ke7 6. Bd5 Rf8 7. 0-0 d6 8. c3 Bg4 9. Nf3 Bxf3 10. gxf3 Qe8 11. Bxc6 bxc6 12. d4 Bb6 13. Be3 Qh5 14. Nd2 Nd7 15. d5 Rf6 16. Re1 Rg6+ 17. Kh1 Rf8 18. Bxb6 Rh6 19. Nf1 Nxb6 20. f4 Qh3 21. Re3 Qh4 22. Rg3 Rxf4 23. Rxg7+ Kf8 24. Rg2 Rxf2 25. Rxf2+ Qxf2 26. dxc6 Rg6 27. Ng3 Qxb2 28. Qf3+ Kg8 29. Rf1 Kh8 30. Nh5 Qxa2 31. Qf8+ Qg8 32. Qe7 Na8 33. Nf6 Rg7 34. Nxg8 1-0

[Event "Collado Villalba op-B 26th"]
[Site "Collado Villalba"]
[Date "2009.08.21"]
[Round "1"]
[White "Aguado Garcia, Pablo"]
[Black "Kalinovsky, Martin"]
[Result "1/2-1/2"]
[WhiteElo "1884"]
[BlackElo "1586"]
[PlyCount "91"]
[EventDate "2009.08.21"]
[EventType "swiss"]
[EventRounds "9"]
[EventCountry "ESP"]
[SourceTitle "EXT 2011"]
[Source "ChessBase"]
[SourceDate "2010.11.26"]
[SourceVersion "1"]
[SourceVersionDate "2010.11.26"]
[SourceQuality "1"]

1. e4 e5 2. Nf3 Nf6 3. Bc4 Nxe4 4. Nc3 Nc6 5. 0-0 Nxc3 6. dxc3 Be7 7. Qd5 0-0 8. Nxe5 Nxe5 9. Qxe5 Bf6 10. Qh5 d6 11. Re1 c6 12. Bd3 g6 13. Qf3 Bd7 14. Bh6 Bg7 15. Bxg7 Kxg7 16. Re3 Be6 17. Rae1 Qb6 18. b3 Rad8 19. Qf4 Rd7 20. Qd4+ Qxd4 21. cxd4 d5 22. f4 Rd6 23. Re5 Kf6 24. f5 gxf5 25. Bxf5 Bxf5 26. Rf1 Kg6 27. Rexf5 Re6 28. g3 Re2 29. Rf6+ Kg7 30. R1f2 Rxf2 31. Rxf2 Re8 32. Rd2 Kg6 33. Kf2 h5 34. Rd3 Re4 35. c3 Kg5 36. h3 f5 37. Rf3 f4 38. a4 b6 39. Rd3 a6 40. c4 a5 41. Kf3 fxg3 42. Kxg3 h4+ 43. Kf2 Kf5 44. Rf3+ Rf4 45. Ke3 Rxf3+ 46. Kxf3 1/2-1/2

[Event "Mostoles Bicentenary op"]
[Site "Mostoles"]
[Date "2008.05.26"]
[Round "5"]
[White "Barco Cardona, Juan Carlos"]
[Black "Aguado Garcia, Pablo"]
[Result "1-0"]
[WhiteElo "2041"]
[BlackElo "1798"]
[PlyCount "35"]
[EventDate "2008.05.20"]
[EventType "swiss"]
[EventRounds "9"]
[EventCountry "ESP"]
[SourceTitle "CBM 124 Extra"]
[Source "ChessBase"]
[SourceDate "2008.07.03"]
[SourceVersion "1"]
[SourceVersionDate "2008.07.03"]
[SourceQuality "1"]

1. e4 e5 2. Nf3 Nc6 3. Bb5 f5 4. d4 fxe4 5. Nxe5 Nxe5 6. dxe5 c6 7. Nc3 cxb5 8. Nxe4 d5 9. exd6 Nf6 10. Qd4 Qd7 11. Nxf6+ gxf6 12. Bf4 Bg7 13. 0-0-0 0-0 14. Rhe1 Rf7 15. Qd5 Bf8 16. Rd3 Qf5 17. Rg3+ Bg7 18. Re8# 1-0

[Event "Mostoles Bicentenary op"]
[Site "Mostoles"]
[Date "2008.05.21"]
[Round "2"]
[White "Burlacu, Laurentiu"]
[Black "Aguado Garcia, Pablo"]
[Result "0-1"]
[WhiteElo "2037"]
[BlackElo "1798"]
[PlyCount "100"]
[EventDate "2008.05.20"]
[EventType "swiss"]
[EventRounds "9"]
[EventCountry "ESP"]
[SourceTitle "CBM 124 Extra"]
[Source "ChessBase"]
[SourceDate "2008.07.03"]
[SourceVersion "1"]
[SourceVersionDate "2008.07.03"]
[SourceQuality "1"]

1. e4 e5 2. Nf3 Nc6 3. Bb5 f5 4. Nc3 fxe4 5. Nxe4 d5 6. Ng3 Bg4 7. h3 Bxf3 8. Qxf3 Nf6 9. 0-0 Bd6 10. Nh5 0-0 11. Nxf6+ Rxf6 12. Qxd5+ Kh8 13. Bxc6 bxc6 14. Qxc6 Rg6 15. d3 Rb8 16. Qe4 Qd7 17. Kh1 Rf8 18. Be3 c6 19. c4 Rf5 20. c5 Bc7 21. f4 exf4 22. Bxf4 Rgf6 23. Qxf5 Qxf5 24. Bxc7 Qxf1+ 25. Rxf1 Rxf1+ 26. Kh2 Rd1 27. Ba5 Rxd3 28. a3 Kg8 29. h4 Kf7 30. g3 Ke6 31. Kh3 h5 32. Bc3 g6 33. a4 Kd5 34. Be1 a6 35. b4 Rd1 36. Bf2 Kc4 37. b5 axb5 38. axb5 Kxb5 39. Kg2 Rd2 40. Kf3 Rxf2+ 41. Kxf2 Kxc5 42. g4 Kd4 43. Kf3 c5 44. gxh5 gxh5 45. Kf4 c4 46. Kg5 c3 47. Kxh5 c2 48. Kg6 c1Q 49. h5 Qc8 50. Kg7 Qg4+ 0-1